Los problemas económicos y su impacto en la seguridad nacional /
La seguridad nacional se encuentra relacionada con su política económica. De ella depende si la capacidad productiva se satisface, también incide sobre los requerimientos de entrada de capitales y su impacto en la generación de empleos y sobre la distribución del ingreso. En este marco, el siguiente...
Zapisane w:
| 1. autor: | |
|---|---|
| Format: | Texto |
| Hasła przedmiotowe: | |
| Etykiety: |
Dodaj etykietę
Nie ma etykietki, Dołącz pierwszą etykiete!
|
MARC
| LEADER | 00000 a a2200000 04500 | ||
|---|---|---|---|
| 001 | 46131 | ||
| 003 | |||
| 040 | |||
| 100 | |a Huerta González, Arturo | ||
| 245 | |a Los problemas económicos y su impacto en la seguridad nacional / |c Arturo Huerta González | ||
| 520 | |a La seguridad nacional se encuentra relacionada con su política económica. De ella depende si la capacidad productiva se satisface, también incide sobre los requerimientos de entrada de capitales y su impacto en la generación de empleos y sobre la distribución del ingreso. En este marco, el siguiente artículo sostiene que las políticas de liberalización y desregulación económica atentan contra la seguridad nacional en la medida en que han generado estancamiento de la producción y del empleo, aumento de la pobreza y crecimiento de la violencia. | ||
| 590 | |a RRH/OCTUBRE2014 | ||
| 650 | |a 1. POLITICA ECONOMICA | ||
| 650 | |a 2. ECONOMIA POLITICA | ||
| 650 | |a 3. CAPITALISMO | ||
| 650 | |a 4. LIBRE MERCADO | ||
| 650 | |a 5. SEGURIDAD NACIONAL | ||
| 650 | |a 6. MERCADO BANCARIO | ||
| 650 | |a 7. CAPITAL | ||
| 650 | |a 8. GRUPOS DE PODER | ||
| 773 | |g número376 ( , 2012), páginas 3-15 | ||
| 999 | |c 31984 |d 31984 | ||
